| 000 | 00914nam0a22002891 4500 | ||
|---|---|---|---|
| 001 | rc\4509176 | ||
| 005 | 20250612103522.0 | ||
| 021 |
_aRU _b[66-53751] |
||
| 035 | _a(NLR Aleph) 008618019 | ||
| 090 |
_a8805176 _c8805176 |
||
| 100 | _a20130416d1966 |||y0rusy50 ca | ||
| 101 | 0 | _arus | |
| 102 | _aRU | ||
| 105 | _aa z ||||| | ||
| 200 | 1 |
_aКалининград _e[Альбом _fФото В. Макеенко и др.] |
|
| 210 |
_aКалининград _cКн. изд-во _d1966 |
||
| 215 |
_a[7] с., 62 л. ил. _d23х27 |
||
| 300 | _aВ вып. дан. сост.: Я. Левит, М. Смех | ||
| 607 |
_aКалининград _jФотоальбомы _2psbo |
||
| 702 | 1 |
_aСмех _bМ. _4220 |
|
| 702 | 1 |
_aЛевит _bЯ. _4220 |
|
| 702 | 1 |
_aМакеенко _bВ. _4440 |
|
| 801 | 0 |
_aRU _bNLR _gpsbo |
|
| 801 | 1 |
_aRU _bELAR _2rusmarc |
|
| 852 |
_aNLR _jЭ АлТ63/2-К172 |
||
| 942 | _cBOOK | ||
| 980 | _aNB | ||